[Event "SVK-chT1W 1920"]
[Site "Slovakia"]
[Date "2020.06.21"]
[Round "11.3"]
[White "Krupa, Miroslav"]
[Black "Kovac, Andrej"]
[Result "0-1"]
[WhiteElo "2090"]
[BlackElo "2198"]
[PlyCount "116"]
[EventDate "2019.10.12"]
[EventType "team-tourn"]
[EventRounds "11"]
[EventCountry "SVK"]
[SourceTitle "EXT 2022"]
[Source "ChessBase"]
[SourceDate "2021.10.06"]
[SourceVersion "1"]
[SourceVersionDate "2021.10.06"]
[SourceQuality "1"]
[WhiteTeam "Nitra NSK"]
[BlackTeam "Bratislava Slovan II"]
[WhiteTeamCountry "SVK"]
[BlackTeamCountry "SVK"]

1. e4 e6 2. d4 d5 3. Nd2 Nf6 4. e5 Nfd7 5. Bd3 c5 6. c3 Nc6 7. Ne2 cxd4 8. cxd4 f6 9. exf6 Qxf6 10. Nf3 h6 11. 0-0 Bd6 12. Ng3 0-0 13. Bc2 Rf7 14. Re1 Nf8 15. Nh5 Qd8 16. Ne5 Nxe5 17. dxe5 Bc5 18. Nf4 Qb6 19. Qe2 Bd7 20. a4 Rc8 21. Nd3 Bd4 22. Be3 Bxe3 23. fxe3 Be8 24. Rec1 Rfc7 25. Qd2 Bg6 26. Rab1 Rxc2 27. Rxc2 Rxc2 28. Qxc2 Qxe3+ 29. Qf2 Qxf2+ 30. Kxf2 Bxd3 31. Rc1 b5 32. Ke3 Bc4 33. axb5 Bxb5 34. Kd4 Nd7 35. Rc7 a6 36. b3 Kh7 37. Rc2 Nb8 38. Kc5 Nc6 39. Kd6 Nd4 40. Rc3 Kg6 41. Rg3+ Kf7 42. Rc3 Nf5+ 43. Kc5 d4 44. Rf3 d3 45. Rf2 Ke7 46. g3 Ne3 47. Kd4 Nd5 48. Rd2 Kd7 49. Rf2 Kc6 50. Rd2 Nb4 51. Ke3 Kc5 52. Rf2 Nd5+ 53. Kd2 Kb4 54. Rf7 Kxb3 55. Rxg7 a5 56. h4 a4 57. g4 a3 58. g5 hxg5 0-1

[Event "SVK-chT1W 1920"]
[Site "Slovakia"]
[Date "2020.02.22"]
[Round "8.3"]
[White "Krupa, Miroslav"]
[Black "Borhy, Marcell Boldizsar"]
[Result "0-1"]
[WhiteElo "2135"]
[BlackElo "2311"]
[PlyCount "70"]
[EventDate "2019.10.12"]
[EventType "team-tourn"]
[EventRounds "11"]
[EventCountry "SVK"]
[SourceTitle "CBM 195 Extra"]
[Source "ChessBase"]
[SourceDate "2020.05.31"]
[SourceVersion "1"]
[SourceVersionDate "2020.05.31"]
[SourceQuality "1"]
[WhiteTeam "Nitra NSK"]
[BlackTeam "Gabcikovo MSK"]
[WhiteTeamCountry "SVK"]
[BlackTeamCountry "SVK"]

1. e4 c5 2. Nf3 Nf6 3. Nc3 d6 4. d4 cxd4 5. Nxd4 g6 6. Be3 a6 7. f3 b5 8. Qd2 Bb7 9. g4 h6 10. a3 Nbd7 11. 0-0-0 Rc8 12. h4 Ne5 13. Be2 h5 14. g5 Nfd7 15. f4 Nc4 16. Bxc4 Rxc4 17. Rhe1 Bg7 18. f5 0-0 19. fxg6 fxg6 20. Nd5 Nc5 21. b3 Nxe4 22. Qd3 Bxd5 23. Nxb5 axb5 24. Qxd5+ Kh7 25. bxc4 Nc3 26. Qb7 Nxd1 27. Kxd1 Qb8 28. Qxb5 Qc8 29. Kc1 Qg4 30. c5 Qxh4 31. Bd2 Qd4 32. c3 Qd5 33. Rxe7 Rf2 34. Re2 Rf1+ 35. Kb2 Rf7 0-1

[Event "SVK-chT2B 1920"]
[Site "Slovakia"]
[Date "2019.12.15"]
[Round "6.3"]
[White "Grilus, Marian"]
[Black "Krupa, Miroslav"]
[Result "1/2-1/2"]
[WhiteElo "1936"]
[BlackElo "2092"]
[PlyCount "64"]
[EventDate "2019.10.26"]
[EventType "team-tourn"]
[EventRounds "11"]
[EventCountry "SVK"]
[SourceTitle "CBM 194 Extra"]
[Source "ChessBase"]
[SourceDate "2020.03.31"]
[SourceVersion "1"]
[SourceVersionDate "2020.03.31"]
[SourceQuality "1"]
[WhiteTeam "Nove Zamky"]
[BlackTeam "Tlmace"]
[WhiteTeamCountry "SVK"]
[BlackTeamCountry "SVK"]

1. d4 Nf6 2. c4 g6 3. Nc3 Bg7 4. e4 d6 5. Bg5 0-0 6. Qd2 Na6 7. f3 e5 8. d5 Qe8 9. Bd3 Nc5 10. Bc2 a5 11. Nge2 Bd7 12. 0-0 b5 13. b3 b4 14. Nd1 Qb8 15. Nf2 Kh8 16. Nd3 Nxd3 17. Bxd3 Ng8 18. Be3 f5 19. c5 f4 20. Bf2 g5 21. c6 Be8 22. h3 h5 23. g4 fxg3 24. Nxg3 Qd8 25. Be3 Bf6 26. Kh2 Bg6 27. Rf2 Nh6 28. Rg1 Nf7 29. Nf1 Rg8 30. Qe2 Qc8 31. Rfg2 Bh7 32. Nd2 Rg7 1/2-1/2

[Event "SVK-chT2B 1920"]
[Site "Slovakia"]
[Date "2019.10.26"]
[Round "1.2"]
[White "Krupa, Miroslav"]
[Black "Scripcaru, George Daniel"]
[Result "1/2-1/2"]
[WhiteElo "2135"]
[BlackElo "2200"]
[PlyCount "54"]
[EventDate "2019.10.26"]
[EventType "team-tourn"]
[EventRounds "11"]
[EventCountry "SVK"]
[SourceTitle "CBM 193 Extra"]
[Source "ChessBase"]
[SourceDate "2020.01.31"]
[SourceVersion "1"]
[SourceVersionDate "2020.01.31"]
[SourceQuality "1"]
[WhiteTeam "Tlmace"]
[BlackTeam "Topolcany"]
[WhiteTeamCountry "SVK"]
[BlackTeamCountry "SVK"]

1. e4 c6 2. d4 d5 3. Nc3 dxe4 4. Nxe4 Bf5 5. Ng3 Bg6 6. h4 h6 7. Nf3 Nd7 8. h5 Bh7 9. Bd3 Bxd3 10. Qxd3 e6 11. Bd2 Ngf6 12. 0-0-0 Be7 13. Ne4 Nxe4 14. Qxe4 Nf6 15. Qe2 Qd5 16. c4 Qe4 17. Qxe4 Nxe4 18. Be3 f5 19. Ne5 Bg5 20. Ng6 Rg8 21. Rhe1 Bf6 22. f3 Nd6 23. b3 0-0-0 24. Bf4 Rge8 25. Ne5 Re7 26. Ng6 Ree8 27. Ne5 Re7 1/2-1/2